| 000 | 00356nam a2200133Ia 4500 | ||
|---|---|---|---|
| 005 | 20260328101518.0 | ||
| 008 | 260328s9999||||xx |||||||||||||| ||und|| | ||
| 100 | _aRiede, Wulf | ||
| 245 | 0 |
_aBarras traccionadas y comprimidas / _cWulf Riede |
|
| 260 | _bUniversidad Nacional de Colombia | ||
| 300 | _a35 p. | ||
| 650 | _aDETALLES CONSTRUCTIVOS | ||
| 942 | _cBK | ||
| 999 |
_c9484 _d9484 |
||